| 000 | 00944nam a2200253Ia 4500 | ||
|---|---|---|---|
| 003 | OSt | ||
| 005 | 20220918112037.0 | ||
| 006 | a|||||r|||| 00| 0 | ||
| 007 | ta | ||
| 008 | 220915b |||||||| |||| 00| 0 hin d | ||
| 024 | _a41970 | ||
| 037 | _cTextbook | ||
| 040 |
_bhin _aARTS _cARTS |
||
| 041 | _ahin | ||
| 082 | _aO15vC, 152K7 (EPS) | ||
| 100 | _aशास्त्री, गौरीनाथ | ||
| 245 | 0 | _aलौकिक संस्कृत साहित्य का संक्षिप्त इतिहास | |
| 246 | _aLaukik sanskṛut sāhitya kā sankṣhipta itihāsa | ||
| 260 |
_aवाराणसी _bचौखम्बा विधाभवन भारत _c1967 |
||
| 300 |
_a283पण् _ccm. |
||
| 650 | _aहिन्दी साहित्य | ||
| 942 |
_hO15vC, 152K7 (EPS) _cTB _2CC |
||
| 999 |
_c118065 _d118065 |
||